Normal view
MARC view
- Libros de lectura
Entry Materia
001 - NÚMERO DE CONTROL DEL REGISTRO
- campo de control: 45583
003 - IDENTIFICADOR DE NUMERO DE CONTROL
- campo de control: UPN
005 - FECHA Y HORA DE LA ÚLTIMA TRANSACCIÓN
- campo de control: 20220808102436.0
008 - DATOS DE LONGITUD FIJA
- campo de control de longitud fija: 220808nn anznnbabn | ana d
040 ## - FUENTE DE LA CATALOGACIÓN
- Centro catalogador de origen: MX-MxUPN
046 ## - FECHAS CON CODIFICACIÓN ESPECIAL
- Fecha final para contenidos agregados: 2022
150 ## - ENCABEZAMIENTO - TEMÁTICO
- Término de materia o nombre geográfico como elemento inicial: Libros de lectura
360 ## - REFERENCIA COMPLEJA DE VÉASE ADEMÁS - MATERIA
- Texto explicativo: La subdivisión
- Encabezamiento al que se remite: Libros de lectura
- Texto explicativo: bajo idiomas
670 ## - FUENTE EN LA QUE SE LOCALIZARON DATOS
- Cita de la fuente: LEMB, 1998
- Información localizada: página 636 (Libros de lectura)
680 ## - NOTA GENERAL CON DESPLIEGUE PÚBLICO
- Texto explicativo: Usase para las colecciones de escritos selectos para el uso de la enseñanza del español en las escuelas. Para las lenguas extranjeras se usa el idioma seguido del subencabezamiento
- Encabezamiento: Libros de lectura
902 ## - CATALOGADOR
- Catalogador: VAGG/080822
